[Event "Spakenburg FishPartners op"]
[Site "Spakenburg"]
[Date "2022.07.02"]
[Round "5"]
[White "Van Foreest, Lucas"]
[Black "Abeln, Michiel"]
[Result "1-0"]
[WhiteElo "2570"]
[BlackElo "2306"]
[PlyCount "85"]
[EventDate "2022.07.02"]
[EventType "swiss"]
[EventRounds "7"]
[EventCountry "NED"]
[SourceTitle "EXT 2023"]
[Source "ChessBase"]
[SourceDate "2022.10.05"]
[SourceVersion "1"]
[SourceVersionDate "2022.10.05"]
[SourceQuality "1"]

1. d4 f5 2. c4 Nf6 3. Nf3 g6 4. e3 Bg7 5. b4 0-0 6. Bb2 c6 7. Nbd2 a5 8. a3 d5 9. Be2 Kh8 10. 0-0 Ne4 11. Ne5 Be6 12. Ndf3 Nd7 13. Qc2 g5 14. Nxd7 Qxd7 15. Ne5 Qe8 16. f3 Nd6 17. c5 Nf7 18. f4 Nxe5 19. dxe5 Qg6 20. Bd4 Rg8 21. Bd3 gxf4 22. Rxf4 axb4 23. axb4 Rxa1+ 24. Bxa1 Bh6 25. Rf3 Qh5 26. Qf2 Rf8 27. Bd4 Bg7 28. h3 Qg5 29. Kh2 Bc8 30. Rg3 Qh6 31. Rf3 e6 32. b5 cxb5 33. Bxb5 Qg5 34. Rf4 Bh6 35. Bd3 Qe7 36. Rh4 Bg5 37. Rh5 Qd8 38. h4 Be7 39. g4 Qe8 40. Qf3 Kg8 41. gxf5 exf5 42. Qxd5+ Qf7 43. Qxf7+ 1-0

[Event "NED-chT 2122"]
[Site "Netherlands"]
[Date "2022.04.02"]
[Round "8.2"]
[White "Abeln, Michiel"]
[Black "Fedorchuk, Sergey A"]
[Result "0-1"]
[WhiteElo "2318"]
[BlackElo "2597"]
[PlyCount "114"]
[EventDate "2021.09.18"]
[EventType "team-tourn"]
[EventRounds "9"]
[EventCountry "NED"]
[SourceTitle "EXT 2024"]
[Source "ChessBase"]
[SourceDate "2023.10.10"]
[SourceVersion "1"]
[SourceVersionDate "2023.10.10"]
[SourceQuality "1"]
[WhiteTeam "Den Bosch HMC"]
[BlackTeam "En Passant"]
[WhiteTeamCountry "NED"]
[BlackTeamCountry "NED"]

1. d4 Nf6 2. c4 e6 3. Nc3 Bb4 4. e3 0-0 5. Bd3 c5 6. Nge2 d5 7. cxd5 cxd4 8. exd4 Nxd5 9. 0-0 Nc6 10. Nxd5 exd5 11. Be3 Bd6 12. Nf4 Nb4 13. Bb1 Qf6 14. Nh5 Qh4 15. g3 Qg4 16. Nf4 Qxd1 17. Rxd1 Bg4 18. Re1 Rac8 19. a3 Nc2 20. Bxc2 Rxc2 21. Nxd5 Rxb2 22. Bf4 Bxf4 23. Nxf4 Rd8 24. Kg2 Kf8 25. h3 Bd7 26. d5 Rc8 27. Rab1 Rxb1 28. Rxb1 b6 29. Re1 Rc3 30. Re3 Rxe3 31. fxe3 Ke7 32. e4 Kd6 33. Nh5 Ke5 34. Kf3 g6 35. Nf4 f5 36. exf5 Bxf5 37. h4 b5 38. Ke3 a5 39. d6 Kxd6 40. Kd4 Be6 41. Nd3 Bc4 42. Ne5 Bd5 43. Nd3 Be6 44. Nc5 b4 45. axb4 axb4 46. Nd3 b3 47. Nb2 Bf5 48. Nc4+ Ke6 49. Nb2 Kf6 50. Nc4 Be6 51. Nb2 Kf5 52. Ke3 Ke5 53. Nd3+ Kd5 54. Nb2 Bf5 55. Nd1 Kc4 56. Kf4 Kd3 57. g4 Be6 0-1

[Event "EU-Cup 31st"]
[Site "Skopje"]
[Date "2015.10.20"]
[Round "3.5"]
[White "Abeln, Michiel"]
[Black "Nikolovski, Nikola"]
[Result "1/2-1/2"]
[WhiteElo "2316"]
[BlackElo "2212"]
[PlyCount "116"]
[EventDate "2015.10.18"]
[EventType "team-swiss"]
[EventRounds "7"]
[EventCountry "MKD"]
[SourceTitle "CBM 169"]
[Source "ChessBase"]
[SourceDate "2015.11.10"]
[SourceVersion "1"]
[SourceVersionDate "2015.11.10"]
[SourceQuality "1"]
[WhiteTeam "Calder HMC"]
[BlackTeam "Asseko See"]
[WhiteTeamCountry "NED"]
[BlackTeamCountry "MKD"]

1. d4 Nf6 2. c4 c5 3. d5 e6 4. Nc3 exd5 5. cxd5 d6 6. Nf3 g6 7. Bf4 a6 8. a4 Bg7 9. h3 0-0 10. e3 Qe7 11. Be2 Nbd7 12. 0-0 Ne8 13. Nd2 f5 14. Nc4 g5 15. Bh2 Ne5 16. Nb6 Rb8 17. Re1 h6 18. Ra3 Nd7 19. Nxc8 Rxc8 20. Bd3 Ne5 21. Bc2 Nc7 22. Rb3 Rb8 23. f4 Nd7 24. e4 fxe4 25. Nxe4 gxf4 26. Nxc5 Ne5 27. Ne4 b5 28. a5 Rbd8 29. Rf1 Qh4 30. Bb1 Rf7 31. Nd2 Nxd5 32. Nf3 Nxf3+ 33. Qxf3 Ne3 34. Rxe3 Bd4 35. Ba2 Bxe3+ 36. Kh1 Rdf8 37. Bxf4 Kg7 38. Bxf7 Bxf4 39. Qxf4 Qxf4 40. Rxf4 Rxf7 41. Rxf7+ Kxf7 42. Kg1 Kf6 43. Kf2 Kf5 44. Ke3 h5 45. g3 Ke5 46. g4 hxg4 47. hxg4 b4 48. b3 d5 49. g5 Kf5 50. Kd4 Kxg5 51. Kxd5 Kf5 52. Kc4 Ke4 53. Kxb4 Kd4 54. Ka3 Kd5 55. Kb2 Kc5 56. Kc3 Kb5 57. b4 Kc6 58. Kc4 Kd6 1/2-1/2

[Event "NED-chT 1011"]
[Site "Netherlands"]
[Date "2011.01.07"]
[Round "5.8"]
[White "Abeln, Michiel"]
[Black "Pel, Bonno"]
[Result "1-0"]
[WhiteElo "2316"]
[BlackElo "2259"]
[PlyCount "87"]
[EventDate "2010.09.25"]
[EventType "team"]
[EventRounds "9"]
[EventCountry "NED"]
[SourceTitle "EXT 2012"]
[Source "ChessBase"]
[SourceDate "2011.11.24"]
[SourceVersion "1"]
[SourceVersionDate "2011.11.24"]
[SourceQuality "1"]
[WhiteTeam "Calder HMC"]
[BlackTeam "Rotterdam"]
[WhiteTeamCountry "NED"]
[BlackTeamCountry "NED"]

1. d4 d6 2. e4 g6 3. Nc3 Bg7 4. Be3 a6 5. f4 b5 6. Bd3 Bb7 7. Nf3 Nd7 8. e5 c5 9. Be4 Bxe4 10. Nxe4 Nh6 11. c3 cxd4 12. cxd4 Nb6 13. 0-0 0-0 14. Qb3 Rc8 15. Rfe1 Nc4 16. Bf2 Qb6 17. h3 Qb7 18. Re2 Rfd8 19. Qb4 a5 20. Qe1 b4 21. b3 Na3 22. exd6 exd6 23. Bh4 Nf5 24. Bxd8 Rxd8 25. Ng3 Nxg3 26. Qxg3 Qb6 27. Rae1 Bxd4+ 28. Nxd4 Qxd4+ 29. Qf2 Qxf2+ 30. Kxf2 Kf8 31. Rd2 Nb5 32. Rd5 Rb8 33. g4 h6 34. Kg3 Rb6 35. h4 a4 36. bxa4 Nc3 37. Ra5 Nxa2 38. g5 hxg5 39. hxg5 Rb8 40. Rb5 Ra8 41. a5 Nc3 42. Rxb4 d5 43. Ra1 d4 44. a6 1-0

[Event "EU-Cup 25th"]
[Site "Ohrid"]
[Date "2009.10.09"]
[Round "6.4"]
[White "Abeln, Michiel"]
[Black "Tihonov, Jurij"]
[Result "0-1"]
[WhiteElo "2334"]
[BlackElo "2460"]
[PlyCount "84"]
[EventDate "2009.10.04"]
[EventType "team-swiss"]
[EventRounds "7"]
[EventCountry "MKD"]
[SourceTitle "CBM 133"]
[Source "ChessBase"]
[SourceDate "2009.11.19"]
[SourceVersion "1"]
[SourceVersionDate "2009.11.19"]
[SourceQuality "1"]
[WhiteTeam "Calder HMC"]
[BlackTeam "Gran Vesnianka"]
[WhiteTeamCountry "NED"]
[BlackTeamCountry "BLR"]

1. d4 Nf6 2. c4 g6 3. Nf3 Bg7 4. g3 0-0 5. Bg2 d6 6. 0-0 Bg4 7. Nbd2 Re8 8. h3 Bd7 9. b3 e5 10. Bb2 e4 11. Ne1 e3 12. fxe3 Rxe3 13. Rf3 Qe7 14. Nc2 Rxf3 15. exf3 Nh5 16. Nf1 Nc6 17. Qd2 g5 18. Nce3 Re8 19. Re1 f5 20. Nc2 Qd8 21. Rxe8+ Bxe8 22. b4 f4 23. g4 Nf6 24. b5 Ne7 25. d5 c6 26. dxc6 bxc6 27. a4 Bf7 28. Qe2 cxb5 29. axb5 Nd7 30. Bxg7 Kxg7 31. Nd2 Qb6+ 32. Kh2 Ne5 33. h4 gxh4 34. Nb4 Qe3 35. Qd1 h3 36. Kxh3 Nxg4 37. Ne4 Nf2+ 38. Nxf2 Qxf2 39. Kh2 Nf5 40. Qa1+ Kg6 41. Qf1 Qg3+ 42. Kh1 Ne3 0-1

[Event "EU-Cup 25th"]
[Site "Ohrid"]
[Date "2009.10.08"]
[Round "5.4"]
[White "Kniest, Oliver"]
[Black "Abeln, Michiel"]
[Result "1-0"]
[WhiteElo "2324"]
[BlackElo "2334"]
[PlyCount "51"]
[EventDate "2009.10.04"]
[EventType "team-swiss"]
[EventRounds "7"]
[EventCountry "MKD"]
[SourceTitle "CBM 133"]
[Source "ChessBase"]
[SourceDate "2009.11.19"]
[SourceVersion "1"]
[SourceVersionDate "2009.11.19"]
[SourceQuality "1"]
[WhiteTeam "Solingen SG"]
[BlackTeam "Calder HMC"]
[WhiteTeamCountry "GER"]
[BlackTeamCountry "NED"]

1. Nf3 d6 2. d4 Nf6 3. c4 Nbd7 4. Nc3 e5 5. e4 Be7 6. Be2 0-0 7. 0-0 c6 8. Be3 a6 9. d5 cxd5 10. cxd5 b5 11. Nd2 Nb6 12. a4 bxa4 13. Nxa4 Nfd7 14. Nxb6 Nxb6 15. Qb3 Nd7 16. Nc4 g6 17. Qa4 f5 18. Nxd6 Bxd6 19. Qc6 Qe7 20. Qxa8 f4 21. Rfc1 Nb8 22. Bd2 Qg5 23. Kh1 Qh4 24. Qa7 f3 25. Bxf3 Bh3 26. Qe3 1-0

[Event "EU-Cup 25th"]
[Site "Ohrid"]
[Date "2009.10.05"]
[Round "2.4"]
[White "Moiseenko, Alexander"]
[Black "Abeln, Michiel"]
[Result "1-0"]
[WhiteElo "2694"]
[BlackElo "2334"]
[PlyCount "51"]
[EventDate "2009.10.04"]
[EventType "team-swiss"]
[EventRounds "7"]
[EventCountry "MKD"]
[SourceTitle "CBM 133"]
[Source "ChessBase"]
[SourceDate "2009.11.19"]
[SourceVersion "1"]
[SourceVersionDate "2009.11.19"]
[SourceQuality "1"]
[WhiteTeam "Saratov Economist"]
[BlackTeam "Calder HMC"]
[WhiteTeamCountry "RUS"]
[BlackTeamCountry "NED"]

1. d4 f5 2. Bg5 g6 3. Nc3 Bg7 4. h4 Nh6 5. Qd2 Nf7 6. Nf3 d6 7. 0-0-0 h6 8. Bf4 Nc6 9. e4 0-0 10. Bd3 e5 11. dxe5 dxe5 12. Be3 Nd6 13. Bxh6 f4 14. Bxg7 Kxg7 15. Bb5 Bg4 16. Bxc6 bxc6 17. Nxe5 Bxd1 18. Qxd1 Nb7 19. Nxc6 Qd6 20. Qd5 f3 21. g3 Qxd5 22. Nxd5 Rae8 23. Re1 Re6 24. Nd4 Re5 25. Nxc7 Rc8 26. Nce6+ 1-0

[Event "EU-Cup 24th"]
[Site "Kallithea"]
[Date "2008.10.21"]
[Round "5"]
[White "Abeln, Michiel"]
[Black "Webb, Laurence"]
[Result "0-1"]
[WhiteElo "2329"]
[BlackElo "2347"]
[PlyCount "88"]
[EventDate "2008.10.17"]
[EventType "team-swiss"]
[EventRounds "7"]
[EventCountry "GRE"]
[SourceTitle "CBM 127"]
[Source "ChessBase"]
[SourceDate "2008.11.13"]
[SourceVersion "1"]
[SourceVersionDate "2008.11.13"]
[SourceQuality "1"]
[WhiteTeam "Calder HMC"]
[BlackTeam "Betsson.com"]
[WhiteTeamCountry "NED"]
[BlackTeamCountry "ENG"]

1. d4 Nf6 2. c4 c5 3. d5 e5 4. Nc3 d6 5. g3 Be7 6. Bg2 0-0 7. e4 Ne8 8. h4 f5 9. Nh3 h6 10. Qc2 Na6 11. a3 f4 12. gxf4 Bxh4 13. f5 Nac7 14. Qe2 Nf6 15. Ng1 Nh7 16. Qg4 Bg5 17. Nf3 Bxc1 18. Rxc1 Qf6 19. Bf1 Bd7 20. Rg1 a6 21. Ne2 b5 22. Ng3 Ne8 23. Rc2 bxc4 24. Bxc4 Bb5 25. Ba2 Rb8 26. Nh5 Qf7 27. b4 cxb4 28. axb4 Nhf6 29. Nxf6+ Nxf6 30. Qh4 Rfc8 31. Rxc8+ Rxc8 32. Qxh6 Qc7 33. Bb3 Qc1+ 34. Qxc1 Rxc1+ 35. Kd2 Rxg1 36. Nxg1 Nxe4+ 37. Ke3 Nf6 38. f4 Kf7 39. fxe5 Ng4+ 40. Kf4 Nxe5 41. Bc2 Bd3 42. Bxd3 Nxd3+ 43. Ke4 Nxb4 44. Kd4 Kf6 0-1

[Event "EU-Cup 24th"]
[Site "Kallithea"]
[Date "2008.10.19"]
[Round "3"]
[White "Abeln, Michiel"]
[Black "Beinoras, Mindaugas"]
[Result "1-0"]
[WhiteElo "2329"]
[BlackElo "2434"]
[PlyCount "77"]
[EventDate "2008.10.17"]
[EventType "team-swiss"]
[EventRounds "7"]
[EventCountry "GRE"]
[SourceTitle "CBM 127"]
[Source "ChessBase"]
[SourceDate "2008.11.13"]
[SourceVersion "1"]
[SourceVersionDate "2008.11.13"]
[SourceQuality "1"]
[WhiteTeam "Calder HMC"]
[BlackTeam "Panevezys"]
[WhiteTeamCountry "NED"]
[BlackTeamCountry "LTU"]

1. d4 d5 2. c4 c6 3. Nc3 Nf6 4. e3 e6 5. Nf3 Nbd7 6. Qc2 Bd6 7. Bd3 dxc4 8. Bxc4 0-0 9. 0-0 e5 10. Bb3 Qe7 11. Bd2 Bb8 12. h3 Re8 13. Ng5 Rf8 14. f4 exd4 15. exd4 h6 16. Rae1 Qd8 17. Nf3 Nb6 18. Qd3 Nbd5 19. Ne5 a5 20. Ne2 Ba7 21. g4 Ne7 22. f5 Ned5 23. g5 hxg5 24. Bxg5 Qd6 25. Rf2 a4 26. Bxd5 cxd5 27. Bxf6 Qxf6 28. Ng4 Qg5 29. Nc3 Bd7 30. Rg2 Kh8 31. Rf1 Qh4 32. Kh1 f6 33. Ne2 Bb8 34. Nf4 Bxf4 35. Rxf4 Kg8 36. Qf3 Qe1+ 37. Rg1 Qe8 38. Qg3 g5 39. Nxf6+ 1-0

[Event "NED-chT 0708"]
[Site "Netherlands"]
[Date "2008.02.09"]
[Round "6.4"]
[White "Lanchava, Tea"]
[Black "Abeln, Michiel"]
[Result "1-0"]
[WhiteElo "2379"]
[BlackElo "2378"]
[PlyCount "63"]
[EventDate "2007.09.15"]
[EventType "team-tourn"]
[EventRounds "9"]
[EventCountry "NED"]
[SourceTitle "EXT 2009"]
[Source "ChessBase"]
[SourceDate "2008.11.26"]
[SourceVersion "1"]
[SourceVersionDate "2008.11.26"]
[SourceQuality "1"]
[WhiteTeam "Groningen Hotels"]
[BlackTeam "Calder HMC"]
[WhiteTeamCountry "NED"]
[BlackTeamCountry "NED"]

1. Nf3 f5 2. g3 Nf6 3. d4 e6 4. c4 Be7 5. Bg2 0-0 6. 0-0 d6 7. b4 Ne4 8. Qb3 Bf6 9. Bb2 Qe8 10. Nbd2 Nc6 11. Rad1 Nxd2 12. Rxd2 a5 13. b5 Nd8 14. a4 g5 15. e4 g4 16. Ne1 Bg5 17. Re2 f4 18. f3 e5 19. dxe5 dxe5 20. Nd3 fxg3 21. Nxe5 gxh2+ 22. Kh1 g3 23. f4 Bh4 24. Qc3 Qe7 25. Ba3 Qg7 26. Bxf8 Kxf8 27. Re3 Ne6 28. f5 Nc5 29. f6 Qh6 30. Nf3 Bxf6 31. e5 Be7 32. Nd4+ 1-0

[Event "NED-chT 0708"]
[Site "Netherlands"]
[Date "2007.09.29"]
[Round "2.5"]
[White "Abeln, Michiel"]
[Black "Feygin, Michael"]
[Result "0-1"]
[WhiteElo "2378"]
[BlackElo "2533"]
[PlyCount "134"]
[EventDate "2007.09.15"]
[EventType "team-tourn"]
[EventRounds "9"]
[EventCountry "NED"]
[SourceTitle "EXT 2008"]
[Source "ChessBase"]
[SourceDate "2007.11.25"]
[SourceVersion "1"]
[SourceVersionDate "2007.11.25"]
[SourceQuality "1"]
[WhiteTeam "Calder HMC"]
[BlackTeam "Enschede ESGOO"]
[WhiteTeamCountry "NED"]
[BlackTeamCountry "NED"]

1. d4 e6 2. c4 Nf6 3. Nc3 Bb4 4. e3 c5 5. Bd3 d5 6. Nf3 0-0 7. 0-0 cxd4 8. exd4 dxc4 9. Bxc4 b6 10. Bg5 Bb7 11. Rc1 Nbd7 12. Re1 Rc8 13. Qb3 Be7 14. Bxf6 Bxf6 15. Nb5 Bxf3 16. Qxf3 a6 17. Nd6 Rc7 18. Nxf7 Rxf7 19. Bxe6 Nf8 20. Rxc7 Qxc7 21. Bb3 Bxd4 22. Qxf7+ Qxf7 23. Bxf7+ Kxf7 24. b3 Ne6 25. Kf1 Ke7 26. f4 Kd6 27. g3 Nc7 28. Ke2 Nd5 29. Kd3 Bf6 30. Re2 Kc5 31. a3 Nc7 32. g4 Nd5 33. Rc2+ Kd6 34. f5 h6 35. Rc4 Ne7 36. Rb4 Kc7 37. Ra4 a5 38. Re4 Nc6 39. Kc4 Ne5+ 40. Kd5 Nd3 41. Kc4 Nf2 42. Rf4 Nh3 43. Re4 Ng5 44. Re3 Kc6 45. a4 Nf7 46. Re6+ Nd6+ 47. Kd3 Kc5 48. h3 Nf7 49. Re8 Kb4 50. Kc2 Ne5 51. Rb8 Kc5 52. Rc8+ Kd6 53. Rb8 Nc6 54. Rf8 Kc5 55. Rc8 Bd8 56. Kd3 Kd6 57. Ke4 Kd7 58. Ra8 Kc7 59. h4 Bxh4 60. Rf8 Kd6 61. Rf7 Bf6 62. Rb7 Kc5 63. Rc7 b5 64. axb5 Kxb5 65. Rb7+ Kc5 66. Rc7 Kb6 67. Rc8 Bd8 0-1

[Event "NED-chT 0708"]
[Site "Netherlands"]
[Date "2007.09.15"]
[Round "1.5"]
[White "Smeets, Jan"]
[Black "Abeln, Michiel"]
[Result "1-0"]
[WhiteElo "2538"]
[BlackElo "2378"]
[PlyCount "95"]
[EventDate "2007.09.15"]
[EventType "team-tourn"]
[EventRounds "9"]
[EventCountry "NED"]
[SourceTitle "CBM 120 Extra"]
[Source "ChessBase"]
[SourceDate "2007.11.01"]
[SourceVersion "1"]
[SourceVersionDate "2007.11.01"]
[SourceQuality "1"]
[WhiteTeam "Hilversum HSG"]
[BlackTeam "Calder HMC"]
[WhiteTeamCountry "NED"]
[BlackTeamCountry "NED"]

1. e4 c6 2. d4 d5 3. e5 c5 4. dxc5 Nc6 5. Bb5 e6 6. Be3 Nge7 7. c3 Bd7 8. Bxc6 Nxc6 9. f4 g5 10. fxg5 Nxe5 11. Nf3 Nxf3+ 12. Qxf3 Bg7 13. 0-0 0-0 14. Nd2 Bb5 15. Rfe1 Bc6 16. Rad1 Qc7 17. Qh5 e5 18. Nf3 Rad8 19. Bf2 Rfe8 20. Qg4 Bd7 21. Qg3 Bf5 22. Nd4 Qd7 23. Nxf5 Qxf5 24. Rd2 d4 25. Red1 Rd5 26. b4 Red8 27. cxd4 exd4 28. Rd3 Be5 29. Qh4 Bf4 30. h3 Qe5 31. Qg4 Be3 32. h4 Bxf2+ 33. Kxf2 a5 34. a3 axb4 35. axb4 R5d7 36. Qf3 Qe6 37. Kg1 Qc4 38. Re1 Qxb4 39. Re5 Rc8 40. h5 Qb1+ 41. Kh2 Qb5 42. Qf5 Qc6 43. Rb3 b5 44. cxb6 d3 45. b7 Rxb7 46. Rxd3 Rb4 47. Re7 Qc4 48. Rd4 1-0

[Event "NED-chT 0607"]
[Site "Netherlands"]
[Date "2006.12.16"]
[Round "4.10"]
[White "Abeln, Michiel"]
[Black "Brandenburg, Daan"]
[Result "1/2-1/2"]
[WhiteElo "2380"]
[BlackElo "2392"]
[PlyCount "67"]
[EventDate "2006.09.23"]
[EventType "team-tourn"]
[EventRounds "9"]
[EventCountry "NED"]
[SourceTitle "EXT 2008"]
[Source "ChessBase"]
[SourceDate "2007.11.25"]
[SourceVersion "1"]
[SourceVersionDate "2007.11.25"]
[SourceQuality "1"]
[WhiteTeam "Calder HMC"]
[BlackTeam "Groningen Share"]
[WhiteTeamCountry "NED"]
[BlackTeamCountry "NED"]

1. d4 Nf6 2. c4 g6 3. Nc3 Bg7 4. e4 d6 5. Nf3 0-0 6. Be2 e5 7. Be3 Na6 8. 0-0 Ng4 9. Bg5 Qe8 10. Re1 f6 11. Bc1 Nh6 12. Rb1 c6 13. b4 Nf7 14. dxe5 dxe5 15. b5 Nc5 16. Ba3 b6 17. Bxc5 bxc5 18. Na4 cxb5 19. cxb5 Qe7 20. Qc2 Bb7 21. Qxc5 Nd6 22. Rbd1 Rfd8 23. Bc4+ Kh8 24. Bd5 Rac8 25. Qb4 Bf8 26. Nc3 Qc7 27. Bxb7 Nxb7 28. Rxd8 Qxd8 29. Qb2 Qd3 30. Re3 Qc4 31. Nd5 Kg7 32. Rc3 Qa4 33. h3 Rxc3 34. Nxc3 1/2-1/2

[Event "EU-Cup 22nd"]
[Site "Fuegen"]
[Date "2006.10.09"]
[Round "2.2"]
[White "Halldorsson, Halldor Brynjar"]
[Black "Abeln, Michiel"]
[Result "0-1"]
[WhiteElo "2226"]
[BlackElo "2380"]
[PlyCount "58"]
[EventDate "2006.10.08"]
[EventType "team-swiss"]
[EventRounds "7"]
[EventCountry "AUT"]
[SourceTitle "CBM 115"]
[Source "ChessBase"]
[SourceDate "2006.11.15"]
[SourceVersion "1"]
[SourceVersionDate "2006.11.15"]
[SourceQuality "1"]
[WhiteTeam "Haukar"]
[BlackTeam "Calder HMC"]
[WhiteTeamCountry "ISL"]
[BlackTeamCountry "NED"]

1. e4 c6 2. d4 d5 3. e5 c5 4. dxc5 Nc6 5. Bb5 e6 6. Be3 Nge7 7. c3 Bd7 8. Bxc6 Nxc6 9. f4 g5 10. fxg5 Nxe5 11. Nf3 Nc6 12. 0-0 Bg7 13. Bf4 b6 14. Bd6 bxc5 15. Bxc5 Qc7 16. Re1 0-0-0 17. Na3 Qa5 18. Bd6 h6 19. Qe2 e5 20. c4 e4 21. cxd5 exf3 22. Qxf3 Nd4 23. Rac1+ Kb7 24. Qxf7 Nf5 25. Be7 Bd4+ 26. Kh1 Qa6 27. g4 Qd3 28. Rc2 Qf3+ 29. Rg2 Ng3+ 0-1

[Event "Haarlem BDO-A"]
[Site "Haarlem"]
[Date "2006.08.??"]
[Round "6"]
[White "Abeln, Michiel"]
[Black "Van Oosterom, Chiel"]
[Result "0-1"]
[WhiteElo "2380"]
[BlackElo "2343"]
[PlyCount "76"]
[EventDate "2006.08.26"]
[EventType "tourn"]
[EventRounds "9"]
[EventCountry "NED"]
[EventCategory "6"]
[SourceTitle "EXT 2015"]
[Source "ChessBase"]
[SourceDate "2014.11.20"]
[SourceVersion "1"]
[SourceVersionDate "2014.11.20"]
[SourceQuality "1"]

1. d4 f5 2. g3 Nf6 3. Bg2 g6 4. Nf3 Bg7 5. 0-0 0-0 6. c4 d6 7. Nc3 Qe8 8. Re1 e5 9. dxe5 dxe5 10. e4 f4 11. gxf4 Nh5 12. f5 c6 13. Qd6 Na6 14. Bg5 gxf5 15. exf5 Rxf5 16. Rad1 Nf4 17. Bxf4 Rxf4 18. Nxe5 Qf8 19. Ne4 Bf5 20. Qxf8+ Rxf8 21. Nd3 Rh4 22. Nd6 Bg6 23. Ne5 Bh5 24. Rd2 Rd8 25. Ne4 Re8 26. Nd7 Kh8 27. Kf1 Rxh2 28. Ndf6 Rf8 29. Nxh5 Rxh5 30. Rd7 Rhf5 31. Rxb7 Nc5 32. Nxc5 Rxf2+ 33. Kg1 Bd4 34. Nb3 Rf1+ 35. Kh2 Bg1+ 36. Kg3 Rg8+ 37. Kh3 Rxe1 38. Bf3 Re6 0-1

[Event "Haarlem BDO-A"]
[Site "Haarlem"]
[Date "2006.08.??"]
[Round "4"]
[White "Pruijssers, Roeland"]
[Black "Abeln, Michiel"]
[Result "0-1"]
[WhiteElo "2355"]
[BlackElo "2380"]
[PlyCount "63"]
[EventDate "2006.08.26"]
[EventType "tourn"]
[EventRounds "9"]
[EventCountry "NED"]
[EventCategory "6"]
[SourceTitle "EXT 2015"]
[Source "ChessBase"]
[SourceDate "2014.11.20"]
[SourceVersion "1"]
[SourceVersionDate "2014.11.20"]
[SourceQuality "1"]

1. e4 c6 2. d4 d5 3. Nc3 dxe4 4. Nxe4 Bf5 5. Ng3 Bg6 6. h4 h6 7. Nf3 Nd7 8. h5 Bh7 9. Bd3 Bxd3 10. Qxd3 e6 11. Bf4 Qa5+ 12. Bd2 Bb4 13. c3 Be7 14. c4 Qc7 15. 0-0-0 Ngf6 16. Kb1 0-0 17. Rhe1 Rad8 18. Bc1 b5 19. cxb5 cxb5 20. Qxb5 Rb8 21. Qd3 Nd5 22. Bd2 Qb6 23. b3 a5 24. Ka1 Bb4 25. Nf1 a4 26. Rb1 axb3 27. Rxb3 Qa5 28. Reb1 Rfc8 29. a3 Nc3 30. Bxc3 Rxc3 31. Rxc3 Bxc3+ 32. Ka2 0-1

[Event "EU-Cup 21st"]
[Site "Saint Vincent"]
[Date "2005.09.22"]
[Round "5.2"]
[White "Nevanlinna, Risto"]
[Black "Abeln, Michiel"]
[Result "1/2-1/2"]
[WhiteElo "2306"]
[BlackElo "2355"]
[PlyCount "48"]
[EventDate "2005.09.18"]
[EventType "team-swiss"]
[EventRounds "7"]
[EventCountry "ITA"]
[SourceTitle "CBM 110"]
[Source "ChessBase"]
[SourceDate "2006.01.31"]
[SourceVersion "1"]
[SourceVersionDate "2006.01.31"]
[SourceQuality "1"]
[WhiteTeam "Jyvaskyla JyS"]
[BlackTeam "Calder HMC"]
[WhiteTeamCountry "FIN"]
[BlackTeamCountry "NED"]

1. e4 c5 2. Nf3 Nc6 3. d4 cxd4 4. Nxd4 Nf6 5. Nc3 d6 6. Bc4 Bd7 7. Bb3 g6 8. 0-0 Bg7 9. Nxc6 Bxc6 10. Qe2 0-0 11. Bg5 b5 12. Nd5 e6 13. Nxf6+ Bxf6 14. Bxf6 Qxf6 15. c3 Qe5 16. Rfe1 a5 17. a3 Rab8 18. f3 Rfd8 19. Qd2 Qc5+ 20. Qf2 Rb7 21. Red1 Rbd7 22. Qxc5 dxc5 23. Rxd7 Rxd7 24. Rd1 Rxd1+ 1/2-1/2

[Event "EU-Cup 21st"]
[Site "Saint Vincent"]
[Date "2005.09.21"]
[Round "4.2"]
[White "Abeln, Michiel"]
[Black "Kuehn, Peter"]
[Result "1-0"]
[WhiteElo "2355"]
[BlackElo "2376"]
[PlyCount "53"]
[EventDate "2005.09.18"]
[EventType "team-swiss"]
[EventRounds "7"]
[EventCountry "ITA"]
[SourceTitle "CBM 110"]
[Source "ChessBase"]
[SourceDate "2006.01.31"]
[SourceVersion "1"]
[SourceVersionDate "2006.01.31"]
[SourceQuality "1"]
[WhiteTeam "Calder HMC"]
[BlackTeam "Niederrohrdorf"]
[WhiteTeamCountry "NED"]
[BlackTeamCountry "SUI"]

1. d4 d5 2. c4 c6 3. Nc3 Nf6 4. e3 a6 5. Nf3 b5 6. b3 Bg4 7. Be2 e6 8. 0-0 Nbd7 9. Bb2 Qb8 10. Ne5 Nxe5 11. dxe5 Bxe2 12. Qxe2 Nd7 13. cxd5 cxd5 14. Rfd1 Bc5 15. Qg4 Qxe5 16. Na4 h5 17. Qe2 Qg5 18. Nxc5 Nxc5 19. Ba3 Ne4 20. Qc2 f5 21. Qc7 a5 22. Qb7 Qd8 23. Rac1 Rb8 24. Qxg7 Qf6 25. Qa7 Qd8 26. Rc6 Rh6 27. Rxd5 1-0

[Event "EU-Cup 21st"]
[Site "Saint Vincent"]
[Date "2005.09.19"]
[Round "2.2"]
[White "Abeln, Michiel"]
[Black "Vandevoort, Pascal"]
[Result "0-1"]
[WhiteElo "2355"]
[BlackElo "2415"]
[PlyCount "62"]
[EventDate "2005.09.18"]
[EventType "team-swiss"]
[EventRounds "7"]
[EventCountry "ITA"]
[SourceTitle "CBM 110"]
[Source "ChessBase"]
[SourceDate "2006.01.31"]
[SourceVersion "1"]
[SourceVersionDate "2006.01.31"]
[SourceQuality "1"]
[WhiteTeam "Calder HMC"]
[BlackTeam "Liege Crelel"]
[WhiteTeamCountry "NED"]
[BlackTeamCountry "BEL"]

1. d4 Nf6 2. c4 g6 3. Nc3 Bg7 4. e4 d6 5. Nf3 0-0 6. Be2 e5 7. 0-0 Nc6 8. d5 Ne7 9. Ne1 Nd7 10. Be3 f5 11. f3 f4 12. Bf2 g5 13. Rc1 Rf6 14. c5 a6 15. Qb3 Kh8 16. Na4 Qe8 17. Nd3 Rh6 18. Rfd1 Qh5 19. h3 Nf6 20. Bf1 g4 21. cxd6 gxf3 22. dxe7 Bxh3 23. gxh3 Qg5+ 24. Kh1 Nxe4 25. Qc2 Qg4 26. Kh2 Ng5 27. h4 e4 28. Ndc5 e3 29. Ne4 exf2 30. Nxf2 Qg3+ 31. Kh1 Rxh4+ 0-1

[Event "Haarlem BDO-A"]
[Site "Haarlem"]
[Date "2005.09.02"]
[Round "7"]
[White "Jonkman, Harmen"]
[Black "Abeln, Michiel"]
[Result "1-0"]
[WhiteElo "2454"]
[BlackElo "2355"]
[PlyCount "93"]
[EventDate "2005.08.27"]
[EventType "tourn"]
[EventRounds "9"]
[EventCountry "NED"]
[EventCategory "4"]
[SourceTitle "CBM 108 Extra"]
[Source "ChessBase"]
[SourceDate "2005.11.04"]
[SourceVersion "1"]
[SourceVersionDate "2005.11.04"]
[SourceQuality "1"]

1. e4 c5 2. c3 e6 3. d4 d5 4. e5 Nc6 5. Nf3 Bd7 6. Be2 Nge7 7. Na3 cxd4 8. cxd4 Nf5 9. Nc2 Qb6 10. 0-0 Na5 11. b3 Bb5 12. Bxb5+ Qxb5 13. g4 Ne7 14. Ba3 Nac6 15. Bc5 Qa5 16. b4 Qd8 17. b5 Na5 18. Ne3 Ng6 19. Qa4 h5 20. Bxf8 Nxf8 21. g5 h4 22. Kh1 Ng6 23. Qb4 h3 24. Rac1 b6 25. Rc2 Rc8 26. Rfc1 Rxc2 27. Rxc2 Nh4 28. Ne1 Nf5 29. Nxf5 exf5 30. Nf3 Nc4 31. g6 Qe7 32. Qxe7+ Kxe7 33. gxf7 Kxf7 34. Kg1 Kg6 35. Kf1 f4 36. Ke2 Kf5 37. Nd2 Na3 38. Rc7 Nxb5 39. Rf7+ Ke6 40. Rxf4 Nc3+ 41. Ke3 Nxa2 42. Nf3 Ke7 43. Nh4 Rg8 44. Rg4 Nc3 45. Nf5+ Kf8 46. Rg6 Ne4 47. Rc6 1-0